Bilecik Bilecik Bilecik Bilecik Bilecik

21. Yüzyılda bütün yönleriyle enerji : (Record no. 58220)

MARC details
000 -BAŞLIK
Sabit Uzunluktaki Kontrol Alanı 00935nam a22002897a 4500
001 - KONTROL NUMARASI
Control Dosyası 0058416
003 - KONTROL NUMARASI KİMLİĞİ
Kontrol Alanı KOHA_MİRAKIL
005 - EN SON İŞLEM TARİHİ ve ZAMANI
Kontrol Alanı 20260207004153.0
007 - FİZİKSEL TANIM SABİT ALAN - GENEL BİLGİ
Sabit uzunluklu kontrol alanı ta
008 - SABİT UZUNLUKTAKİ VERİ ÖGELERİ - GENEL BİLGİ
Sabit Alan 160615b1994 tu |||gro|||#1|||0|tur |
040 ## - KATALOGLAMA KAYNAĞI
Özgün Kataloglama Kurumu TR-BiSEU
Kataloglama Dili tur
Çeviri Kurumu TR-BiSEU
Açıklama Kuralları rda
041 0# - DİL KODU
Metin ya da ses kaydının dil kodu tur
044 ## - YAYINLAYAN/ÜRETEN KURULUŞUN ÜLKE KODU
ISO country code tu
050 ## - SINIFLAMA ve YER NUMARASI
Sınıflama Numarası TD195
Yer Numarası .Y89 1994
111 2# - TOPLANTI ADI
Toplantı Adı Energy Efficiency 2000 Projesi Çerçevesinde Sempozyum (1994 : İstanbul)
9 (RLIN) 108155
240 10 - TEK BİÇİM BAŞLIK
Tekbiçim Başlık <a href="energy with all aspects in the 21st century">energy with all aspects in the 21st century</a>
Language of a work Türkçe
245 1# - ESER ADI BİLDİRİMİ
Başlık 21. Yüzyılda bütün yönleriyle enerji :
Alt Eseradı vb. bildiriler =
-- energy with all aspects in the 21st century.
264 #1 - ÜRERİM, YAYIN, DAĞITIM ve TELİF BİLDİRİMİ
Yayın yeri İstanbul :
Yayınlayan İstanbul Teknik Üniversitesi
Yayın tarihi 1994
300 ## - FİZİKSEL TANIMLAMA
Sayfa, Cilt vb. 1050 sayfa ;
Boyutları 31 cm.
336 ## - İÇERİK TÜRÜ
Content type term metin
Content type code txt
Source rdacontent
337 ## - MEDYA TÜRÜ
Media type term aracısız
Media type code n
Source rdamedia
338 ## - TAŞIYICI TÜRÜ
Carrier type term cilt
Carrier type code nc
Source rdacarrier
650 #0 - KONU BAŞLIĞI EK GİRİŞ - KONU TERİMİ
Konusal terim veya coğrafi ad Enerji.
9 (RLIN) 5545
650 #0 - KONU BAŞLIĞI EK GİRİŞ - KONU TERİMİ
Konusal terim veya coğrafi ad Energy.
9 (RLIN) 54061
907 ## - LOCAL DATA ELEMENT G, LDG (RLIN)
a Sempozyum
942 ## - EK GİRİŞ ÖGELERİ (KOHA)
Source of classification or shelving scheme Library of Congress Classification
Koha item type Book
Holdings
Materyal Türü Kalıcı Konum Mevcut Konum Raf Yeri Sınıflandırma Kaynağı Edinim Bilgisi Ana Konular Alt Konular Yer Numarası Demirbaş Numarası Fatura Tarihi Geri Çekilme Durumu Kayıp Durumu Hasarlı Durumu Kredi için değil Kayıt Tarih Toplam Ödünçverme Son Görülme Tarihi Son Kontrol Tarihi Genel / Bağış Notu
Book Prof. Dr. Azmi Özcan Kütüphanesi Prof. Dr. Azmi Özcan Kütüphanesi Birûni Salonu Library of Congress Classification Bağış TEKNOLOJİ Çevre Teknolojisi, Sıhhi Mühendislik TD195 .Y89 1994 0058416 02/02/2026         15/06/2016   05/12/2024 05/12/2024 Genel Bağış